Cut the carbon (Record no. 120895)

MARC details
000 -LEADER
fixed length control field 00780cai a22001815a 4500
001 - CONTROL NUMBER
control field E152366
008 - FIXED-LENGTH DATA ELEMENTS--GENERAL INFORMATION
fixed length control field 110228u xxk g 000 0 eng d
035 ## - SYSTEM CONTROL NUMBER
System control number (Sirsi) u152366
041 0# - LANGUAGE CODE
Language code of text/sound track or separate title eng
110 2# - MAIN ENTRY--CORPORATE NAME
Corporate name or jurisdiction name as entry element Construction Skills
9 (RLIN) 5689
245 00 - TITLE STATEMENT
Title Cut the carbon
Medium [electronic resource]
520 ## - SUMMARY, ETC.
Summary, etc. Website which explains the effects of cutting carbon emissions to small and medium-sized companies working in the construction sector. Outlines the changes which such initiatives will introduce in the industry and the opportunities which they will provide.
590 ## - LOCAL NOTE (RLIN)
Local note KA
651 #4 - SUBJECT ADDED ENTRY--GEOGRAPHIC NAME
Geographic name United Kingdom
Chronological subdivision 1973-
690 ## - LOCAL SUBJECT ADDED ENTRY--TOPICAL TERM (OCLC, RLIN)
Topical term or geographic name as entry element BUILT ENVIRONMENT-SUSTAINABLE CONSTRUCTION
856 40 - ELECTRONIC LOCATION AND ACCESS
Uniform Resource Identifier <a href="https://www.cutcarbon.info/">https://www.cutcarbon.info/</a>
Public note View the website free of charge at www.cutcarbon.info
942 ## - ADDED ENTRY ELEMENTS (KOHA)
Suppress in OPAC 0
Holdings
Withdrawn status Lost status Source of classification or shelving scheme Damaged status Not for loan Home library Current library Shelving location Date acquired Total Checkouts Full call number Barcode Date last seen Copy number Price effective from Koha item type
    Dewey Decimal Classification     Virtual Virtual Online 28/02/2011   ONLINE PUBLICATION 152366-2001 06/08/2019 1 06/08/2019 Online material